[Event "CZE-chT2E 1213"]
[Site "Czech Republic"]
[Date "2013.03.24"]
[Round "11.6"]
[White "Balazec, Ludovit"]
[Black "Omelka, Roman"]
[Result "1-0"]
[WhiteElo "1999"]
[BlackElo "2068"]
[PlyCount "59"]
[EventDate "2012.10.14"]
[EventType "team-tourn"]
[EventRounds "11"]
[EventCountry "CZE"]
[SourceTitle "EXT 2016"]
[Source "ChessBase"]
[SourceDate "2015.10.08"]
[SourceVersion "1"]
[SourceVersionDate "2015.10.08"]
[SourceQuality "1"]
[WhiteTeam "Zlin II"]
[BlackTeam "Stare Mesto II"]
[WhiteTeamCountry "CZE"]
[BlackTeamCountry "CZE"]

1. e4 c5 2. Nc3 Nc6 3. Nge2 e6 4. d4 cxd4 5. Nxd4 Nf6 6. Bg5 d6 7. Bb5 Bd7 8. Bxc6 bxc6 9. Qf3 Be7 10. e5 Nd5 11. Ne4 Qa5+ 12. Bd2 Qb6 13. Nb3 dxe5 14. Qg3 g6 15. Qxe5 0-0 16. 0-0 f6 17. Qg3 f5 18. Nc3 Bf6 19. Na4 Qc7 20. Qxc7 Nxc7 21. Nac5 Rfd8 22. Ba5 Rac8 23. Nb7 Rf8 24. Nd6 Nb5 25. Nxc8 Rxc8 26. Rad1 Be8 27. c4 Nc7 28. Rd2 Kf7 29. Rfd1 e5 30. Rd7+ 1-0

[Event "CZE-chT2E 1213"]
[Site "Czech Republic"]
[Date "2013.02.17"]
[Round "9.6"]
[White "Omelka, Roman"]
[Black "Sremanak, Slavomir"]
[Result "0-1"]
[WhiteElo "2068"]
[BlackElo "2120"]
[PlyCount "40"]
[EventDate "2012.10.14"]
[EventType "team-tourn"]
[EventRounds "11"]
[EventCountry "CZE"]
[SourceTitle "EXT 2016"]
[Source "ChessBase"]
[SourceDate "2015.10.08"]
[SourceVersion "1"]
[SourceVersionDate "2015.10.08"]
[SourceQuality "1"]
[WhiteTeam "Stare Mesto II"]
[BlackTeam "Brno Lokomotiva"]
[WhiteTeamCountry "CZE"]
[BlackTeamCountry "CZE"]

1. e4 c5 2. Nf3 e6 3. d4 Qc7 4. Nc3 a6 5. Be2 b5 6. 0-0 Bb7 7. d5 b4 8. Nb1 Nf6 9. dxe6 dxe6 10. e5 Nfd7 11. Bf4 Nc6 12. Re1 Rd8 13. Nbd2 Be7 14. Bc4 Nb6 15. Qe2 Nd4 16. Nxd4 Rxd4 17. Bg3 Rxd2 18. Qxd2 Nxc4 19. Qd3 Nxb2 20. Qb3 Qc6 0-1

[Event "CZE-chT2E 1213"]
[Site "Czech Republic"]
[Date "2012.12.02"]
[Round "4.6"]
[White "Smid, Jan Sr"]
[Black "Omelka, Roman"]
[Result "1/2-1/2"]
[WhiteElo "1910"]
[BlackElo "2068"]
[PlyCount "33"]
[EventDate "2012.10.14"]
[EventType "team-tourn"]
[EventRounds "11"]
[EventCountry "CZE"]
[SourceTitle "EXT 2016"]
[Source "ChessBase"]
[SourceDate "2015.10.08"]
[SourceVersion "1"]
[SourceVersionDate "2015.10.08"]
[SourceQuality "1"]
[WhiteTeam "Stare Mesto III"]
[BlackTeam "Stare Mesto II"]
[WhiteTeamCountry "CZE"]
[BlackTeamCountry "CZE"]

1. d4 d5 2. Nf3 Nf6 3. Bf4 e6 4. e3 Be7 5. Bd3 c5 6. c3 Nc6 7. h3 0-0 8. 0-0 Ne4 9. Bxe4 dxe4 10. Ne5 f5 11. Nxc6 bxc6 12. Qb3 cxd4 13. cxd4 Qb6 14. Nd2 c5 15. dxc5 Bxc5 16. Qxb6 axb6 17. Nb3 1/2-1/2

[Event "CZE-chT2E 1112"]
[Site "Czech Republic"]
[Date "2012.02.05"]
[Round "7.3"]
[White "Omelka, Roman"]
[Black "Markovic, Ivan1111"]
[Result "0-1"]
[WhiteElo "2115"]
[BlackElo "2158"]
[PlyCount "78"]
[EventDate "2011.10.09"]
[EventType "team-tourn"]
[EventRounds "11"]
[EventCountry "CZE"]
[SourceTitle "EXT 2013"]
[Source "ChessBase"]
[SourceDate "2012.11.22"]
[SourceVersion "1"]
[SourceVersionDate "2012.11.22"]
[SourceQuality "1"]
[WhiteTeam "Stare Mesto III"]
[BlackTeam "Hustopece"]
[WhiteTeamCountry "CZE"]
[BlackTeamCountry "CZE"]

1. e4 d6 2. f4 c5 3. Nf3 Nc6 4. Bc4 e6 5. Nc3 a6 6. a4 Nf6 7. d3 d5 8. exd5 exd5 9. Qe2+ Be7 10. Ba2 Bg4 11. 0-0 Nd4 12. Qf2 Nxf3+ 13. gxf3 Be6 14. Bd2 0-0 15. Ne2 Nh5 16. Ng3 Bh4 17. Qg2 Nxg3 18. hxg3 Bf6 19. c3 Bf5 20. Bb1 c4 21. dxc4 Bxb1 22. Rfxb1 dxc4 23. Qf2 Qd7 24. Be3 Qc6 25. Bb6 Rfe8 26. Rd1 Re6 27. a5 Rae8 28. Rd2 Qb5 29. Rad1 Qf5 30. Kg2 Rc6 31. Rd5 Qc8 32. f5 Be7 33. R1d2 Rf6 34. g4 h5 35. Rd7 Bf8 36. Rc7 Qb8 37. Rdd7 hxg4 38. fxg4 Re4 39. g5 Rg4+ 0-1

[Event "CZE-chT2E 1112"]
[Site "Czech Republic"]
[Date "2012.01.22"]
[Round "6.5"]
[White "Loubal, Pavel"]
[Black "Omelka, Roman"]
[Result "1/2-1/2"]
[WhiteElo "2023"]
[BlackElo "2115"]
[PlyCount "74"]
[EventDate "2011.10.09"]
[EventType "team-tourn"]
[EventRounds "11"]
[EventCountry "CZE"]
[SourceTitle "EXT 2013"]
[Source "ChessBase"]
[SourceDate "2012.11.22"]
[SourceVersion "1"]
[SourceVersionDate "2012.11.22"]
[SourceQuality "1"]
[WhiteTeam "Adamov"]
[BlackTeam "Stare Mesto III"]
[WhiteTeamCountry "CZE"]
[BlackTeamCountry "CZE"]

1. d4 Nf6 2. c4 g6 3. Nc3 Bg7 4. e4 d6 5. Nf3 0-0 6. Be2 e5 7. dxe5 dxe5 8. Qxd8 Rxd8 9. Bg5 Re8 10. Nd5 Nxd5 11. cxd5 c6 12. Bc4 cxd5 13. Bxd5 Nc6 14. Ke2 Bg4 15. Be3 Be6 16. Bxe6 Rxe6 17. a3 Rd8 18. Rhd1 Red6 19. Rxd6 Rxd6 20. Rd1 Rxd1 21. Kxd1 Bf8 22. Nd2 f5 23. f3 Kf7 24. Kc2 b5 25. Nb1 a6 26. b3 h5 27. Kb2 Ke6 28. Nd2 Be7 29. h3 Bd6 30. Bb6 Be7 31. Be3 Bd6 32. Bf2 Be7 33. Bb6 Bd6 34. Be3 Be7 35. Bb6 Bd6 36. Bf2 Be7 37. Be3 Bd6 1/2-1/2

[Event "Slovacky op"]
[Site "Stare Mesto"]
[Date "2011.06.10"]
[Round "6.4"]
[White "Omelka, Roman"]
[Black "Vrana, Frantisek"]
[Result "0-1"]
[WhiteElo "2106"]
[BlackElo "2305"]
[PlyCount "44"]
[EventDate "2011.04.29"]
[EventType "swiss"]
[EventRounds "8"]
[EventCountry "CZE"]
[SourceTitle "EXT 2012"]
[Source "ChessBase"]
[SourceDate "2011.11.24"]
[SourceVersion "1"]
[SourceVersionDate "2011.11.24"]
[SourceQuality "1"]

1. e4 e6 2. d4 d5 3. Nc3 Nf6 4. Bg5 Bb4 5. e5 h6 6. Bd2 Bxc3 7. bxc3 Ne4 8. Qg4 g6 9. Bd3 Nxd2 10. Kxd2 c5 11. Nf3 Nc6 12. Qf4 Bd7 13. h4 cxd4 14. cxd4 Qa5+ 15. Ke2 0-0-0 16. Qxf7 Rdf8 17. Qg7 Rfg8 18. Qf7 Rf8 19. Qg7 Qc3 20. Rab1 Nxd4+ 21. Nxd4 Qxd4 22. Rxb7 Rxf2+ 0-1

[Event "Stare Mesto op"]
[Site "Stare Mesto"]
[Date "2008.08.10"]
[Round "4"]
[White "Omelka, Roman"]
[Black "Senkyr, Martin"]
[Result "0-1"]
[WhiteElo "2120"]
[BlackElo "2169"]
[PlyCount "90"]
[EventDate "2008.08.08"]
[EventType "swiss"]
[EventRounds "10"]
[EventCountry "CZE"]
[SourceTitle "CBM 125 Extra"]
[Source "ChessBase"]
[SourceDate "2008.09.01"]
[SourceVersion "1"]
[SourceVersionDate "2008.09.01"]
[SourceQuality "1"]

1. e4 e5 2. Nf3 Nc6 3. Bb5 a6 4. Ba4 Nf6 5. 0-0 b5 6. Bb3 Be7 7. Re1 d6 8. c3 0-0 9. h3 Na5 10. Bc2 c5 11. d4 cxd4 12. cxd4 Qc7 13. Nbd2 Bb7 14. d5 Nc4 15. Nf1 Rfc8 16. Bb1 Bf8 17. Ng3 g6 18. b3 Nb6 19. Bb2 Nbd7 20. Nh2 Nc5 21. f4 Qb6 22. Kh1 Ncd7 23. Rf1 Bg7 24. Qf3 Rf8 25. Ne2 Rac8 26. Bd3 b4 27. Rad1 a5 28. Bb1 Ba6 29. Rf2 Nh5 30. f5 Bf6 31. g3 Bb5 32. h4 Qa6 33. Kg2 a4 34. Ng4 Bxh4 35. Rh1 Bxe2 36. Rxe2 Nxg3 37. Bd3 Qa7 38. Rxh4 Nxe2 39. Qxe2 a3 40. f6 axb2 41. Qd2 Rc1 42. Qxb2 Qg1+ 43. Kf3 Qd1+ 44. Kg2 Rfc8 45. Ne3 Qxd3 0-1

[Event "Stare Mesto op"]
[Site "Stare Mesto"]
[Date "2007.08.17"]
[Round "9"]
[White "Bazant, Petr Jr"]
[Black "Omelka, Roman"]
[Result "1-0"]
[WhiteElo "2349"]
[BlackElo "2095"]
[PlyCount "69"]
[EventDate "2007.08.10"]
[EventType "swiss"]
[EventRounds "10"]
[EventCountry "CZE"]
[SourceTitle "CBM 119 Extra"]
[Source "ChessBase"]
[SourceDate "2007.09.04"]
[SourceVersion "1"]
[SourceVersionDate "2007.09.04"]
[SourceQuality "1"]

1. e4 d6 2. d4 Nf6 3. Nc3 g6 4. h3 c6 5. g4 Qc7 6. Bg2 Bg7 7. Nge2 e5 8. Be3 Na6 9. Qd2 h5 10. g5 Nd7 11. f4 Nb6 12. b3 Be6 13. 0-0 exf4 14. Nxf4 0-0-0 15. Nce2 Bd7 16. a4 Be8 17. a5 Nd7 18. b4 Nf8 19. h4 Qe7 20. c4 Kb8 21. Rab1 Nc7 22. b5 cxb5 23. Nc3 a6 24. cxb5 Bxb5 25. Rfc1 Nfe6 26. Nfd5 Nxd5 27. Nxd5 Qe8 28. Qb4 Rf8 29. Rb2 f5 30. Rbc2 f4 31. Bf2 f3 32. Bh3 Nf4 33. Nxf4 Qxe4 34. Ne6 Bd7 35. Qxd6+ 1-0

[Event "Stare Mesto op"]
[Site "Stare Mesto"]
[Date "2007.08.13"]
[Round "5"]
[White "Omelka, Roman"]
[Black "Kusina, Aleksander"]
[Result "1-0"]
[WhiteElo "2095"]
[BlackElo "1983"]
[PlyCount "99"]
[EventDate "2007.08.10"]
[EventType "swiss"]
[EventRounds "10"]
[EventCountry "CZE"]
[SourceTitle "CBM 119 Extra"]
[Source "ChessBase"]
[SourceDate "2007.09.04"]
[SourceVersion "1"]
[SourceVersionDate "2007.09.04"]
[SourceQuality "1"]

1. e4 c5 2. Nf3 d6 3. d4 cxd4 4. Nxd4 Nf6 5. Nc3 a6 6. Bg5 e6 7. f4 Be7 8. Qf3 Qc7 9. 0-0-0 Nbd7 10. g4 b5 11. Bxf6 gxf6 12. Bd3 Bb7 13. Kb1 Nc5 14. Rhe1 b4 15. Nce2 Rc8 16. Rc1 Qb6 17. h4 Na4 18. Nb3 a5 19. Ned4 Nc5 20. Qe3 Nxd3 21. cxd3 Kd7 22. Nd2 Ba6 23. Nc4 Bxc4 24. dxc4 e5 25. Nf5 Qxe3 26. Nxe3 exf4 27. Nd5 Rhg8 28. Nb6+ Kc7 29. Nxc8 Kxc8 30. Rg1 f5 31. gxf5 Rxg1 32. Rxg1 Bxh4 33. Rh1 Bg5 34. Rxh7 f3 35. Kc2 f2 36. Rh1 Be3 37. Kd3 Bc5 38. Ke2 Kd7 39. Rh6 a4 40. b3 axb3 41. axb3 Bd4 42. Rh3 Ke7 43. Rd3 Bc5 44. Rd5 f6 45. Rxc5 dxc5 46. Kxf2 Kd7 47. Ke3 Kc6 48. Kf4 Kd6 49. e5+ fxe5+ 50. Ke4 1-0

[Event "CZE-chT1E 0607"]
[Site "Czech Republic"]
[Date "2006.12.10"]
[Round "4.8"]
[White "Omelka, Roman"]
[Black "Bina, Josef"]
[Result "0-1"]
[WhiteElo "2104"]
[BlackElo "2175"]
[PlyCount "50"]
[EventDate "2006.10.15"]
[EventType "team"]
[EventRounds "11"]
[EventCountry "CZE"]
[SourceTitle "EXT 2008"]
[Source "ChessBase"]
[SourceDate "2007.11.25"]
[SourceVersion "1"]
[SourceVersionDate "2007.11.25"]
[SourceQuality "1"]

1. e4 d5 2. exd5 Qxd5 3. Nc3 Qa5 4. d4 Nf6 5. Nf3 Bg4 6. h3 Bh5 7. g4 Bg6 8. b4 Qb6 9. Rb1 Nbd7 10. Bg2 e6 11. 0-0 c6 12. Bd2 Bd6 13. Rb3 0-0 14. Re1 Qc7 15. Ne2 Nb6 16. Qc1 Nc4 17. Bf4 a5 18. Bxd6 Nxd6 19. a3 axb4 20. Rxb4 Ra7 21. c4 Rfa8 22. Rb3 Ra4 23. Ne5 Qa5 24. Nxc6 bxc6 25. Bxc6 Rxc4 0-1

[Event "CZE-chT1E 0607"]
[Site "Czech Republic"]
[Date "2006.10.15"]
[Round "1.8"]
[White "Omelka, Roman"]
[Black "Horsak, Jan"]
[Result "1-0"]
[WhiteElo "2104"]
[BlackElo "2004"]
[PlyCount "57"]
[EventDate "2006.10.15"]
[EventType "team"]
[EventRounds "11"]
[EventCountry "CZE"]
[SourceTitle "EXT 2008"]
[Source "ChessBase"]
[SourceDate "2007.11.25"]
[SourceVersion "1"]
[SourceVersionDate "2007.11.25"]
[SourceQuality "1"]

1. e4 g6 2. d4 Bg7 3. Nc3 d6 4. f4 Nf6 5. Nf3 0-0 6. Bd3 c5 7. dxc5 dxc5 8. 0-0 Bg4 9. h3 Bxf3 10. Qxf3 Nc6 11. e5 Nd7 12. Be3 Rb8 13. Ne4 Qc8 14. c3 Nd8 15. Bb5 Nc6 16. Qf2 b6 17. Qf3 Ndxe5 18. fxe5 Nxe5 19. Qf2 c4 20. Qh4 Qb7 21. Ng5 h6 22. Nf3 a6 23. Bxc4 Bf6 24. Qxh6 Nxc4 25. Ng5 Bxg5 26. Bxg5 Nd6 27. Rae1 Ne4 28. Rf4 Nxg5 29. Rh4 1-0

[Event "Stare Mesto op"]
[Site "Stare Mesto"]
[Date "2006.08.18"]
[Round "9"]
[White "Volodin, Viktor Nikolaevich"]
[Black "Omelka, Roman"]
[Result "1/2-1/2"]
[WhiteElo "2257"]
[BlackElo "2110"]
[PlyCount "47"]
[EventDate "2006.08.11"]
[EventType "swiss"]
[EventRounds "10"]
[EventCountry "CZE"]
[SourceTitle "CBM 113 Extra"]
[Source "ChessBase"]
[SourceDate "2006.09.14"]
[SourceVersion "1"]
[SourceVersionDate "2006.09.14"]
[SourceQuality "1"]

1. Nf3 Nf6 2. c4 g6 3. d4 Bg7 4. g3 0-0 5. Bg2 d6 6. 0-0 Nbd7 7. Nc3 e5 8. h3 Re8 9. e4 exd4 10. Nxd4 a6 11. b3 Rb8 12. Re1 c5 13. Nc2 b5 14. cxb5 axb5 15. Bb2 b4 16. Nd5 Nxd5 17. Bxg7 Kxg7 18. exd5 Ne5 19. Ne3 Ba6 20. Bf1 Bc8 21. f4 Nd7 22. Nc4 Rxe1 23. Qxe1 Nb6 24. Rc1 1/2-1/2

[Event "Stare Mesto op"]
[Site "Stare Mesto"]
[Date "2005.08.13"]
[Round "2"]
[White "Omelka, Roman"]
[Black "Plachetka, Jan"]
[Result "0-1"]
[WhiteElo "2138"]
[BlackElo "2459"]
[PlyCount "74"]
[EventDate "2005.08.12"]
[EventType "swiss"]
[EventRounds "9"]
[EventCountry "CZE"]
[SourceTitle "EXT 2006"]
[Source "ChessBase"]
[SourceDate "2005.11.24"]
[SourceVersion "1"]
[SourceVersionDate "2005.11.24"]
[SourceQuality "1"]

1. e4 c5 2. Nf3 d6 3. d4 cxd4 4. Nxd4 Nf6 5. Nc3 Nc6 6. Bg5 e6 7. Qd2 Qb6 8. Nb3 a6 9. Be2 Be7 10. 0-0 0-0 11. a4 Qc7 12. Kh1 b6 13. Rad1 Rd8 14. Be3 Bb7 15. f4 Nb4 16. Bf3 Rab8 17. Qf2 Ba8 18. Rd2 b5 19. axb5 axb5 20. Nd4 d5 21. Ndxb5 Qa5 22. e5 Ne4 23. Bxe4 dxe4 24. Rxd8+ Bxd8 25. Nd6 Nc6 26. Ncxe4 Ne7 27. f5 Nxf5 28. Nxf5 exf5 29. Qxf5 Qd5 30. c4 Qxc4 31. Nf6+ gxf6 32. exf6 Qe4 33. Qh3 Rxb2 34. Rd1 Qxg2+ 35. Qxg2+ Bxg2+ 36. Kg1 Bxf6 37. Bh6 Be4 0-1

[Event "CZE-chT2e 0405"]
[Site "Czech Republic"]
[Date "2005.02.06"]
[Round "7.8"]
[White "Omelka, Roman"]
[Black "Axman, Oldrich"]
[Result "1/2-1/2"]
[WhiteElo "2162"]
[BlackElo "1924"]
[PlyCount "46"]
[EventDate "2004.10.17"]
[EventType "team"]
[EventRounds "11"]
[EventCountry "CZE"]
[SourceTitle "EXT 2007"]
[Source "ChessBase"]
[SourceDate "2006.11.23"]
[SourceVersion "1"]
[SourceVersionDate "2006.11.23"]
[SourceQuality "1"]

1. e4 Nf6 2. e5 Nd5 3. d4 d6 4. c4 Nb6 5. f4 Bf5 6. Nc3 dxe5 7. fxe5 Nc6 8. Be3 e6 9. Nf3 Be7 10. Be2 0-0 11. 0-0 f6 12. exf6 Bxf6 13. Qd2 e5 14. d5 Ne7 15. Ng5 Qd7 16. Nce4 Bxg5 17. Nxg5 Ng6 18. Rad1 h6 19. Nf3 Qe7 20. b3 Nd7 21. b4 b6 22. Ne1 Be4 23. Bf3 Bxf3 1/2-1/2

[Event "CZE-chT2e 0405"]
[Site "Czech Republic"]
[Date "2005.01.16"]
[Round "6.7"]
[White "Omelka, Roman"]
[Black "Roubalik, Jakub"]
[Result "0-1"]
[WhiteElo "2162"]
[BlackElo "2057"]
[PlyCount "118"]
[EventDate "2004.10.17"]
[EventType "team"]
[EventRounds "11"]
[EventCountry "CZE"]
[SourceTitle "EXT 2007"]
[Source "ChessBase"]
[SourceDate "2006.11.23"]
[SourceVersion "1"]
[SourceVersionDate "2006.11.23"]
[SourceQuality "1"]

1. e4 c5 2. Nf3 Nc6 3. Nc3 g6 4. d4 cxd4 5. Nxd4 Bg7 6. Be3 d6 7. Qd2 Nf6 8. f3 0-0 9. Bc4 Bd7 10. h4 h5 11. 0-0-0 Rc8 12. Bb3 Ne5 13. Bg5 Qa5 14. Kb1 Rxc3 15. Qxc3 Qxc3 16. bxc3 Rc8 17. Ne2 Bb5 18. Nf4 Kf8 19. Rhe1 Nh7 20. Nd5 Nxg5 21. hxg5 Nd7 22. Re3 a5 23. a3 e6 24. Nf4 Ke7 25. Ne2 Bxe2 26. Rxe2 Bxc3 27. f4 b5 28. Rd3 a4 29. Ba2 b4 30. axb4 Bxb4 31. c3 Bxc3 32. Rc2 Rb8+ 33. Kc1 Ba5 34. Rc4 Nc5 35. Rf3 Rc8 36. f5 gxf5 37. exf5 d5 38. f6+ Kd6 39. Rc2 Rg8 40. Rg3 Ne4 41. Ra3 Rxg5 42. Rxa4 Bd8 43. Ra7 Bxf6 44. Rxf7 Rf5 45. Kd1 Ng3 46. Rcc7 Rf1+ 47. Kc2 Rf2+ 48. Kb3 Ne2 49. Bb1 Nd4+ 50. Ka4 Rb2 51. Bh7 Bg5 52. Rcd7+ Ke5 53. Bg8 Bd2 54. Ka3 Bc3 55. Bh7 Rxg2 56. Rf1 h4 57. Bb1 h3 58. Rh7 h2 59. Bd3 Rg8 0-1

[Event "CZE-chT B3 corr"]
[Site "Czechia"]
[Date "2003.??.??"]
[Round "?"]
[White "Omelka, Roman"]
[Black "Lasek, Milos"]
[Result "1-0"]
[WhiteElo "2335"]
[BlackElo "2270"]
[PlyCount "73"]
[EventDate "2002.??.??"]
[EventType "team (corr)"]
[EventRounds "14"]
[EventCountry "CZE"]
[SourceTitle "Corr 2004"]
[Source "ChessBase"]
[SourceDate "2003.04.28"]
[SourceVersion "3"]
[SourceVersionDate "2003.04.28"]
[SourceQuality "1"]

1. e4 c5 2. Nf3 e6 3. d4 cxd4 4. Nxd4 a6 5. c4 Nf6 6. Nc3 Qc7 7. Nc2 b6 8. Be3 Bb7 9. f3 Bc5 10. Qd2 0-0 11. Bf4 e5 12. Bg5 Qc6 13. 0-0-0 Rc8 14. Nd5 Nxd5 15. exd5 Qd6 16. b4 Bd4 17. Nxd4 exd4 18. Kb1 b5 19. Bf4 Qf8 20. Rc1 a5 21. bxa5 bxc4 22. Bxc4 Na6 23. Qxd4 Qb4+ 24. Ka1 Qxa5 25. Bd2 Qd8 26. Bb3 d6 27. Rxc8 Bxc8 28. Bc4 Nc5 29. g4 Ra3 30. Bc3 Qf8 31. Rb1 Na4 32. Be1 Nc5 33. Bg3 Nd7 34. Bd3 Nc5 35. Bc2 Bb7 36. Rb6 Qa8 37. Qb2 1-0

[Event "CZE-chT B3 corr"]
[Site "Czechia"]
[Date "2003.??.??"]
[Round "?"]
[White "Zacek, Jiri"]
[Black "Omelka, Roman"]
[Result "0-1"]
[WhiteElo "2280"]
[BlackElo "2335"]
[PlyCount "101"]
[EventDate "2002.??.??"]
[EventType "team (corr)"]
[EventRounds "14"]
[EventCountry "CZE"]
[SourceTitle "Corr 2004"]
[Source "ChessBase"]
[SourceDate "2003.04.28"]
[SourceVersion "3"]
[SourceVersionDate "2003.04.28"]
[SourceQuality "1"]

1. d4 Nf6 2. c4 g6 3. Nc3 Bg7 4. e4 d6 5. f3 0-0 6. Be3 c5 7. dxc5 dxc5 8. Qxd8 Rxd8 9. Bxc5 Nc6 10. Nge2 b6 11. Ba3 e6 12. Rd1 Bb7 13. b3 a5 14. Rxd8+ Rxd8 15. Na4 Nb4 16. Bxb4 axb4 17. Nxb6 Bh6 18. e5 Nh5 19. Na4 Be3 20. Nb2 Ra8 21. Kd1 Rxa2 22. Kc2 Nf4 23. Nc1 Ra1 24. Nbd3 g5 25. h3 Bc6 26. Kb2 Bd4+ 27. Kc2 Nxd3 28. Bxd3 Bxe5 29. Be4 Be8 30. Rd1 f5 31. Nd3 Ra2+ 32. Kb1 Rxg2 33. Nxe5 fxe4 34. fxe4 Kg7 35. Kc1 Kf6 36. Nd3 Rg3 37. e5+ Kf5 38. Kd2 Bh5 39. Rf1+ Ke4 40. Re1+ Kd4 41. Nxb4 Rg2+ 42. Kc1 Kc3 43. Nc6 Be2 44. Na7 Bd3 45. Rd1 Rc2+ 46. Kb1 Rb2+ 47. Ka1 Rxb3 48. Nb5+ Kxc4 49. Nd6+ Kb4 50. Rg1 Ka3 51. Rc1 0-1

[Event "CZE-chT B3 corr"]
[Site "Czechia"]
[Date "2002.??.??"]
[Round "?"]
[White "Omelka, Roman"]
[Black "Nosek, Jaroslav"]
[Result "1-0"]
[WhiteElo "2335"]
[BlackElo "2285"]
[PlyCount "57"]
[EventDate "2002.??.??"]
[EventType "team (corr)"]
[EventRounds "14"]
[EventCountry "CZE"]
[SourceTitle "Corr 2004"]
[Source "ChessBase"]
[SourceDate "2003.04.28"]
[SourceVersion "3"]
[SourceVersionDate "2003.04.28"]
[SourceQuality "1"]

1. e4 e6 2. d4 d5 3. Nc3 Bb4 4. e5 c5 5. a3 Ba5 6. b4 cxd4 7. Nb5 Bc7 8. f4 Bd7 9. Nf3 Bxb5 10. Bxb5+ Nd7 11. f5 a6 12. fxe6 fxe6 13. Bg5 Ne7 14. Nxd4 Bxe5 15. Nxe6 Bc3+ 16. Bd2 Qc8 17. Bxd7+ Qxd7 18. Nc5 Bxd2+ 19. Qxd2 Qf5 20. 0-0-0 0-0 21. Rhe1 Rf7 22. Nxb7 Rc8 23. Kb1 Qd7 24. Nc5 Qb5 25. Nb3 Qb8 26. g4 Rd8 27. Re6 Ng6 28. Rxa6 Qc8 29. Ra5 1-0

[Event "CZE-ch15 corr0102"]
[Site "Czechia"]
[Date "2001.??.??"]
[Round "?"]
[White "Foukal, Zdenek"]
[Black "Omelka, Roman"]
[Result "0-1"]
[WhiteElo "2335"]
[BlackElo "2270"]
[PlyCount "76"]
[EventDate "2001.??.??"]
[EventType "tourn (corr)"]
[EventRounds "22"]
[EventCountry "CZE"]
[SourceTitle "Corr 2004"]
[Source "ChessBase"]
[SourceDate "2003.04.28"]
[SourceVersion "3"]
[SourceVersionDate "2003.04.28"]
[SourceQuality "1"]

1. e4 d6 2. d4 Nf6 3. Nc3 g6 4. Be3 c6 5. Qd2 b5 6. Bd3 Nbd7 7. Nf3 Qc7 8. 0-0 Bb7 9. b4 a6 10. Rfb1 Bg7 11. a4 0-0 12. h3 e5 13. axb5 cxb5 14. d5 Nb6 15. Ra3 Nc4 16. Bxc4 Qxc4 17. Qd3 Qc7 18. Rc1 Nh5 19. Bd2 Rac8 20. Ne2 Qd7 21. g4 f5 22. gxh5 fxe4 23. Qxe4 Rc4 24. Qe3 Qxh3 25. Nh2 Qxh5 26. Ng3 Qh4 27. Qe1 e4 28. c3 Bxd5 29. Rxa6 e3 30. Bxe3 Be5 31. Rd1 Bxg3 32. fxg3 Rg4 33. Bf2 Rxf2 34. Ra8+ Bxa8 35. Qe8+ Kg7 36. Qd7+ Rf7 37. Qxg4 Qxg4 38. Nxg4 Rf3 0-1

[Event "CZE-ch15 corr0102"]
[Site "Czechia"]
[Date "2001.??.??"]
[Round "?"]
[White "Hybl, Vladislav"]
[Black "Omelka, Roman"]
[Result "1/2-1/2"]
[WhiteElo "2240"]
[BlackElo "2270"]
[PlyCount "50"]
[EventDate "2001.??.??"]
[EventType "tourn (corr)"]
[EventRounds "22"]
[EventCountry "CZE"]
[SourceTitle "Corr 2004"]
[Source "ChessBase"]
[SourceDate "2003.04.28"]
[SourceVersion "3"]
[SourceVersionDate "2003.04.28"]
[SourceQuality "1"]

1. d4 Nf6 2. c4 g6 3. Nc3 Bg7 4. e4 d6 5. f4 c5 6. dxc5 Qa5 7. Bd3 Qxc5 8. Nf3 Nc6 9. Qe2 Bg4 10. Be3 Qa5 11. 0-0 Nd7 12. Rac1 0-0 13. Qd2 Nc5 14. Bb1 Rfd8 15. h3 Bxf3 16. Rxf3 e6 17. b3 a6 18. f5 Be5 19. Ne2 Qxd2 20. Bxd2 Rac8 21. Rcf1 Nd4 22. Nxd4 Bxd4+ 23. Kh1 Nd7 24. Bg5 Re8 25. Rd1 Be5 1/2-1/2